000 00315nam a2200133Ia 4500
008 151001s9999||||xx |||||||||||||| ||und||
100 _aप्रभाकर भोगले
245 _aसुमा
250 _a1
260 _bमेघना
260 _c2007
300 _a332
365 _b18
999 _c988935
_d988932